000 00911nam a22001817a 4500
999 _c58851
_d58851
003 Ge_BSU
005 20221007165805.0
008 221007s1962 ge ||||| |||| 00| 0 geo d
041 _ageo
080 _a1(09)(049.32) ფ-54
245 _aფილოსოფიის ისტორია :
_b[სახელმძღვ. არაფილოს. ჰუმანიტარული ფაკ-ტის სტუდ.] /
_cკ. ბაქრაძე, ს. წერეთელი, პ. გუჯაბიძე და სხვ.
264 _aთბ. :
_bთბილ. უნ-ტის გამ-ბა და სტ.,
_c 1962.
300 _a557 გვ. ;
_b24 სმ.
504 _a ბიბლიოგრ. შენიშვნებში.
653 _aფილოსოფიის ისტორია
700 _aბაქრაძე, კ.,
_e ავტორი
_915167
942 _2udc
_cBK